00675nam a2200181Ia 4500008004100000020002200041041000800063082001700071100001900088245006000107260001500167300002600182365001700208700001900225906003000244999001900274952020000293230718s9999 xx 000 0 und d a978-0-471-21479-3 aeng a621.384bGIA aGiannakis G.B. aSpace Time Coding For Broadband Wireless Communications bJohn Wiley dRef 1023 E ME (29500) cRs.b3315.15 aGiannakis G.B. dB:326524-Jan-2008cME ETC c318293d318293 00102ddc3Ref 1023 E M. Tech. (29500)4073aCCEPbCCEPd2008-01-31eVarma Book DistributorsfME ETCg3315.15i3265o621.384pCCEP-BK-29500r2023-07-18 00:00:00v3315.15w2008-01-24yBKz029500